Truyện ngắn lãng mạn (nước ngoài)

Сохранить в:
Библиографические подробности
Главный автор: Nhiều tác giả
Формат:
Язык:Vietnamese
Опубликовано: Văn hóa Thông tin 2004
Предметы:
Метки: Добавить метку
Нет меток, Требуется 1-ая метка записи!
Thư viện lưu trữ: Mạng thư viện Đại học Đà Nẵng
LEADER 00992nam a2200313 a 4500
001 000003578
003 04264
005 20171229145311.0
008 171229s2004 vie
040 |a LSK 
041 0 |a VIE 
082 0 |a 808.83  |b Tr-N 
100 1 |a Nhiều tác giả 
245 0 0 |a Truyện ngắn lãng mạn (nước ngoài) 
260 |b Văn hóa Thông tin  |c 2004 
300 |a 422 pages  |c 19 cm. 
653 |a Văn học - Thế giới - Truyện ngắn 
852 |a Phòng Đọc 
901 |a 1 
927 |a Sách tham khảo 
OWN |a LSK 
AVA |a UDN50  |b LSK  |d 808.83 Tr-N  |e available  |t Error 5001 Not defined in file expand_doc_bib_avail.  |f 1  |g 0  |h N  |i 0  |k 1 
999 |a From the UDN01 
AVA |a UDN50  |b LSK  |d 808.83 Tr-N  |e available  |t Error 5001 Not defined in file expand_doc_bib_avail.  |f 1  |g 0  |h N  |i 0  |k 1 
TYP |a Monograph 
TYP |a Printed language 
980 |a Mạng thư viện Đại học Đà Nẵng